[Event "Deutsche Ländermeisterschaft 2012"]
[Site "Hannover GER"]
[Date "2012.10.01"]
[Round "4"]
[White "Schmidt, Tobias"]
[Black "Düssler, Stefanie"]
[Result "1/2-1/2"]
[Termination "normal"]
[Board "3.5"]
[WhiteTitle "14"]
[BlackTitle "18w"]
[WhiteElo "1834"]
[BlackElo "1973"]
[WhiteTeam "Württemberg"]
[BlackTeam "Niedersachsen 1"]
[PlyCount "139"]
[WhiteFideId "1271683"]
[BlackFideId "4634780"]
[EventCountry "GER"]
[EventRounds "7"]
[EventType "team-swiss"]
[EventDate "2012.09.28"]

1. e4 e6 2. d4 d5 3. Nd2 Nf6 4. e5 Nfd7 5. Bd3 c5 6. c3 Nc6 7. Ne2 cxd4 8. cxd4
f6 9. exf6 Qxf6 10. Nf3 Bd6 11. O-O h6 12. Be3 O-O 13. Nc3 Rd8 14. Bc2 Nf8 15.
Re1 Bd7 16. Rc1 Be8 17. Bd3 Bh5 18. Be2 Ng6 19. Qb3 Nge7 20. Nb5 Bb8 21. Nd2
Bxe2 22. Rxe2 a6 23. Nc3 b5 24. Nf3 Ba7 25. Qd1 Rac8 26. Rd2 Na5 27. b3 Nb7 28.
Rdc2 Nd6 29. Ne2 Rxc2 30. Rxc2 Rc8 31. Rxc8+ Ndxc8 32. Ng3 Bb8 33. Qc1 Bd6 34.
Ne2 Nb6 35. Bf4 Bxf4 36. Nxf4 Nd7 37. Nd3 Qf5 38. Qc3 Nf6 39. Nc5 Ne4 40. Qc2
Nxc5 41. Qxf5 Nxf5 42. dxc5 Kf8 43. Kf1 Ke8 44. Ke2 Kd8 45. b4 Kc7 46. Kd3 Ne7
47. Nd4 Kd7 48. f4 g5 49. fxg5 hxg5 50. Nf3 Nc6 51. a3 g4 52. Nd4 Ne5+ 53. Kc3
Nc4 54. c6+ Kd6 55. c7 Nb6 56. Kd3 e5 57. Nf5+ Kxc7 58. Ne3 Kd6 59. Nxg4 Ke6
60. h4 Kf5 61. h5 Nd7 62. h6 Nf6 63. Nxf6 Kxf6 64. g4 Kg6 65. g5 Kh7 66. Ke3
Kg6 67. Kf3 Kh7 68. Kg3 d4 69. Kf3 d3 70. Ke3 1/2-1/2

[Event "Deutsche Ländermeisterschaft 2012"]
[Site "Hannover GER"]
[Date "2012.10.01"]
[Round "4"]
[White "Diederichs, Luise"]
[Black "Höglauer, Patrick"]
[Result "1/2-1/2"]
[Termination "normal"]
[Board "3.6"]
[WhiteTitle "16w"]
[BlackTitle "12"]
[WhiteElo "1827"]
[BlackElo "1883"]
[WhiteTeam "Niedersachsen 1"]
[BlackTeam "Württemberg"]
[PlyCount "134"]
[WhiteFideId "24661597"]
[BlackFideId "1270548"]
[EventCountry "GER"]
[EventRounds "7"]
[EventType "team-swiss"]
[EventDate "2012.09.28"]

1. g3 Nf6 2. Bg2 e6 3. c4 c5 4. Nf3 Nc6 5. O-O d6 6. Nc3 Be7 7. d4 cxd4 8. Nxd4
Ne5 9. Bf4 O-O 10. Bxe5 dxe5 11. Nf3 Qb6 12. Qc2 e4 13. Nxe4 Nxe4 14. Qxe4 Qxb2
15. Rfb1 Qc3 16. Rc1 Qa5 17. Rc2 Rb8 18. Rd1 Qa4 19. Rcd2 b5 20. Qe5 Ba6 21.
cxb5 Bxb5 22. Qd4 Bf6 23. Qxa4 Bxa4 24. Rc1 Rbc8 25. Rxc8 Rxc8 26. h4 Rc2 27.
Rxc2 Bxc2 28. Nd2 Bc3 29. Be4 Bd1 30. Nb1 Ba5 31. Bd3 Bb4 32. Kg2 Kf8 33. Kf3
Ke7 34. Ke4 Kd6 35. Kd4 Bc5+ 36. Kc4 Ba4 37. Nc3 Bc6 38. e3 Bb6 39. Nb5+ Ke5
40. Nc3 f5 41. Be2 g6 42. Kd3 Ba5 43. Kc4 h6 44. Kd3 Bb7 45. Kc2 Bc6 46. a3 Kd6
47. Kd3 Kc5 48. Kc2 e5 49. Kb3 e4 50. Bc4 Be8 51. Be6 Kd6 52. Bc4 Bd7 53. Kc2
Be6 54. Bb5 g5 55. hxg5 hxg5 56. Be8 a6 57. Kb2 Kc5 58. Ba4 Kd6 59. Kc2 Ke5 60.
Bc6 Bc8 61. Kb2 Kd6 62. Ba4 Bd7 63. Bb3 Bb5 64. Bd1 Bc4 65. g4 Ke5 66. gxf5
Kxf5 67. Bc2 Bxc3+ 1/2-1/2

[Event "Deutsche Ländermeisterschaft 2012"]
[Site "Hannover GER"]
[Date "2012.10.01"]
[Round "4"]
[White "Gaßmann, Linda"]
[Black "Sieber, Fiona"]
[Result "0-1"]
[Termination "normal"]
[Board "3.7"]
[WhiteTitle "14w"]
[BlackTitle "12w"]
[WhiteElo "1766"]
[BlackElo "1800"]
[WhiteTeam "Württemberg"]
[BlackTeam "Niedersachsen 1"]
[PlyCount "68"]
[WhiteFideId "12900451"]
[BlackFideId "12902373"]
[EventCountry "GER"]
[EventRounds "7"]
[EventType "team-swiss"]
[EventDate "2012.09.28"]

1. c4 e5 2. g3 Nf6 3. Bg2 Nc6 4. Nc3 Bb4 5. Nd5 Bc5 6. e3 O-O 7. Ne2 Nxd5 8.
cxd5 Nb4 9. d4 exd4 10. Nxd4 Bxd4 11. exd4 Qe7+ 12. Be3 c6 13. dxc6 dxc6 14. a3
Nd5 15. Bxd5 cxd5 16. Qh5 Qe4 17. O-O Bg4 18. Qg5 Bh3 19. f3 Qd3 20. Rf2 Rfe8
21. Re1 h6 22. Qh4 Rxe3 23. Rc1 Bd7 24. Qf4 Bc6 25. Kg2 Re6 26. Rc3 Qb5 27. Rc5
Qb6 28. Rfc2 Rae8 29. Kh3 Bd7 30. g4 Rf6 31. Qg3 Re3 32. Rf2 Qb3 33. Kh4 g5+
34. Kh5 Qd3 0-1

[Event "Deutsche Ländermeisterschaft 2012"]
[Site "Hannover GER"]
[Date "2012.10.01"]
[Round "4"]
[White "Frischmann, Rick"]
[Black "Schmitt, Philipp"]
[Result "1-0"]
[Termination "normal"]
[Board "4.1"]
[WhiteTitle "18"]
[BlackTitle "20"]
[WhiteElo "2150"]
[BlackElo "2200"]
[WhiteTeam "Saarland"]
[BlackTeam "Baden"]
[PlyCount "93"]
[WhiteFideId "24660752"]
[BlackFideId "24641766"]
[EventCountry "GER"]
[EventRounds "7"]
[EventType "team-swiss"]
[EventDate "2012.09.28"]

1. e4 e6 2. d4 d5 3. Nd2 c5 4. exd5 exd5 5. Ngf3 Nc6 6. Bb5 cxd4 7. Nxd4 Bd7 8.
N2f3 Bd6 9. O-O Nge7 10. Re1 O-O 11. Bd3 Nxd4 12. Nxd4 Ng6 13. Qh5 Qa5 14. Be3
Rfe8 15. Nf3 Nf8 16. Red1 Rad8 17. Bd4 f6 18. c3 Be6 19. a4 Qc7 20. h3 Bf4 21.
Ne1 Re7 22. Qf3 b6 23. b4 Be5 24. Nc2 Ng6 25. Rac1 Nf4 26. b5 Qd6 27. Be3 Rc7
28. Nb4 Nxd3 29. Rxd3 Bf7 30. Nc6 Rdd7 31. c4 d4 32. Bxd4 Bxd4 33. Rxd4 Qc5 34.
Rcd1 Rxd4 35. Rxd4 Rc8 36. Qd3 Re8 37. Rd8 Qf8 38. Rd7 Bg6 39. Qd4 Re1+ 40. Kh2
Re4 41. Qd5+ Kh8 42. Rxa7 Re8 43. f3 Bc2 44. a5 bxa5 45. Rxa5 Re2 46. b6 Qe8
47. Qd8 1-0

[Event "Deutsche Ländermeisterschaft 2012"]
[Site "Hannover GER"]
[Date "2012.10.01"]
[Round "4"]
[White "Ruff, Maximilian"]
[Black "Wild, Achim"]
[Result "1/2-1/2"]
[Termination "normal"]
[Board "4.2"]
[WhiteTitle "16"]
[BlackTitle "20"]
[WhiteElo "2099"]
[BlackElo "2107"]
[WhiteTeam "Baden"]
[BlackTeam "Saarland"]
[PlyCount "103"]
[WhiteFideId "1271670"]
[BlackFideId "4658728"]
[EventCountry "GER"]
[EventRounds "7"]
[EventType "team-swiss"]
[EventDate "2012.09.28"]

1. e4 e5 2. Nf3 d6 3. d4 exd4 4. Nxd4 Nf6 5. Nc3 Be7 6. g3 d5 7. e5 Ng4 8. Bg2
O-O 9. Nxd5 Bc5 10. c3 Nxe5 11. Ne3 Nbc6 12. Nxc6 Qxd1+ 13. Nxd1 bxc6 14. Be3
Ba6 15. Bxc5 Nd3+ 16. Kd2 Nxc5 17. b4 Rad8+ 18. Kc2 Nd3 19. Bxc6 Ne5 20. b5 Bc8
21. Ne3 Nxc6 22. bxc6 Rd6 23. Rhd1 Rxc6 24. Rd4 Be6 25. Nd5 Rc5 26. Rad1 h6 27.
Nf4 Bf5+ 28. Kb3 Rb8+ 29. Rb4 Bc2+ 30. Kb2 Rxb4+ 31. cxb4 Bxd1 32. bxc5 Bf3 33.
Kc3 Kf8 34. Kd4 Ke7 35. Nd3 f6 36. Ke3 Bd5 37. a3 Kd7 38. Kd4 Bf3 39. Nf4 Bg4
40. h3 Bf3 41. h4 Bg4 42. Ke4 Kc6 43. f3 Bd7 44. Kd4 Kb5 45. Nd5 c6 46. Nc3+
Ka5 47. Ke4 Be6 48. Kf4 Bc8 49. g4 Ba6 50. g5 fxg5+ 51. hxg5 h5 52. Kg3 1/2-1/2

[Event "Deutsche Ländermeisterschaft 2012"]
[Site "Hannover GER"]
[Date "2012.10.01"]
[Round "4"]
[White "Grewenig, Jan"]
[Black "Becker, Matthias"]
[Result "0-1"]
[Termination "normal"]
[Board "4.3"]
[WhiteTitle "16"]
[BlackTitle "18"]
[WhiteElo "1961"]
[BlackElo "2024"]
[WhiteTeam "Saarland"]
[BlackTeam "Baden"]
[PlyCount "52"]
[WhiteFideId "4657330"]
[BlackFideId "12915564"]
[EventCountry "GER"]
[EventRounds "7"]
[EventType "team-swiss"]
[EventDate "2012.09.28"]

1. e4 e5 2. Nf3 Nc6 3. d4 exd4 4. Nxd4 Nf6 5. Nxc6 bxc6 6. e5 Qe7 7. Qe2 Nd5 8.
c4 Ba6 9. b3 g6 10. Bb2 Bg7 11. Nd2 O-O 12. O-O-O Rfe8 13. Nf3 Nb6 14. Qd2 c5
15. Qa5 Bb7 16. Bd3 Bxf3 17. gxf3 Bxe5 18. Ba3 d6 19. h4 Qf6 20. Be4 Rab8 21.
Kc2 Qe6 22. h5 Nxc4 23. bxc4 Qxc4+ 24. Kd2 Bf4+ 25. Ke1 Rxe4+ 26. fxe4 Qxe4+
0-1

[Event "Deutsche Ländermeisterschaft 2012"]
[Site "Hannover GER"]
[Date "2012.10.01"]
[Round "4"]
[White "Frey, Alisa"]
[Black "Sonnhalter, Stella"]
[Result "1-0"]
[Termination "normal"]
[Board "4.4"]
[WhiteTitle "20w"]
[BlackTitle "20w"]
[WhiteElo "2005"]
[BlackElo "1856"]
[WhiteTeam "Baden"]
[BlackTeam "Saarland"]
[PlyCount "103"]
[WhiteFideId "24634662"]
[BlackFideId "4624815"]
[EventCountry "GER"]
[EventRounds "7"]
[EventType "team-swiss"]
[EventDate "2012.09.28"]

1. e4 c5 2. Nf3 Nc6 3. d4 cxd4 4. Nxd4 g6 5. c4 Bg7 6. Be3 Nf6 7. Nc3 O-O 8.
Be2 d6 9. O-O Bd7 10. Qd2 Nxd4 11. Bxd4 Bc6 12. f3 a5 13. Rab1 Nd7 14. Be3 Nc5
15. b3 f5 16. exf5 Rxf5 17. Rfd1 Qc7 18. a3 a4 19. b4 Nb3 20. Qd3 Bxc3 21. Qxc3
Be8 22. Bd3 Rf7 23. c5 d5 24. Bc2 e6 25. Re1 Bb5 26. Bxb3 axb3 27. Qxb3 Qd7 28.
Bd4 Rd8 29. Re5 Rf5 30. Qe3 Qf7 31. Re1 Bd7 32. Bb2 Rxe5 33. Qxe5 Kf8 34. Rd1
Rc8 35. Rd4 Ke8 36. Rf4 Qg8 37. Qf6 Bb5 38. Be5 Kd7 39. h4 Bd3 40. a4 Bc2 41.
b5 Rxc5 42. Bb2 Rc7 43. Ba3 Kc8 44. Qb2 Bf5 45. a5 Qd8 46. a6 b6 47. Qe5 Rd7
48. Ra4 Ra7 49. Bd6 Qd7 50. Qh8+ Qd8 51. Qc3+ Kd7 52. Qc6# 1-0

[Event "Deutsche Ländermeisterschaft 2012"]
[Site "Hannover GER"]
[Date "2012.10.01"]
[Round "4"]
[White "Müller, Max"]
[Black "Spiegelberg, Silvia"]
[Result "0-1"]
[Termination "normal"]
[Board "4.5"]
[WhiteTitle "14"]
[BlackTitle "16w"]
[WhiteElo "1728"]
[BlackElo "1900"]
[WhiteTeam "Saarland"]
[BlackTeam "Baden"]
[PlyCount "140"]
[WhiteFideId "12900486"]
[BlackFideId "24654450"]
[EventCountry "GER"]
[EventRounds "7"]
[EventType "team-swiss"]
[EventDate "2012.09.28"]

1. c4 c5 2. Nc3 Nf6 3. Nf3 d5 4. cxd5 Nxd5 5. g3 Nc6 6. Bg2 Nc7 7. d3 e5 8. Nd2
Bd7 9. a4 Be7 10. Nc4 O-O 11. O-O f6 12. f4 exf4 13. Bxf4 Ne6 14. Bd5 Kh8 15.
Bd2 Rb8 16. e3 Nb4 17. Qe2 Bc8 18. Be4 Ng5 19. Nb5 a6 20. Bxb4 axb5 21. Ba5 b6
22. Bxb6 Rxb6 23. Nxb6 Qxb6 24. axb5 Qxb5 25. Bd5 Rd8 26. Bc4 Qc6 27. e4 Qd7
28. Bd5 Bd6 29. Rfc1 Qh3 30. Qg2 Qh5 31. Ra8 Rf8 32. Bb3 Qh6 33. Re1 Bg4 34.
Rxf8+ Bxf8 35. Bd1 Bh3 36. Qf2 Bd7 37. Qe3 Qg6 38. Bf3 Qf7 39. h4 Ne6 40. Rc1
Bd6 41. Bg4 Qg6 42. Bxe6 Bxe6 43. Kg2 Qg4 44. Rh1 f5 45. Qf3 Qxf3+ 46. Kxf3 Kg8
47. Rd1 Be5 48. exf5 Bxf5 49. g4 Be6 50. Rc1 Bd4 51. Kf4 Kf7 52. Rc2 Ke7 53. g5
Kd6 54. Re2 Bf7 55. Kg4 Be5 56. h5 Be6+ 57. Kf3 Bf5 58. Rd2 Kd5 59. Ke3 h6 60.
gxh6 gxh6 61. Rg2 Bd4+ 62. Kd2 Bxb2 63. Rg8 Bd4 64. Rd8+ Ke6 65. Rg8 Bf6 66.
Rg3 Ke5 67. Ke3 Bg5+ 68. Ke2 Kf4 69. Re3 Bg4+ 70. Kf2 Bh4+ 0-1

[Event "Deutsche Ländermeisterschaft 2012"]
[Site "Hannover GER"]
[Date "2012.10.01"]
[Round "4"]
[White "Martin, Julian"]
[Black "Puffay, Jana"]
[Result "1/2-1/2"]
[Termination "normal"]
[Board "4.6"]
[WhiteTitle "12"]
[BlackTitle "16w"]
[WhiteElo "1784"]
[BlackElo "1433"]
[WhiteTeam "Baden"]
[BlackTeam "Saarland"]
[PlyCount "59"]
[WhiteFideId "12941000"]
[BlackFideId "24692360"]
[EventCountry "GER"]
[EventRounds "7"]
[EventType "team-swiss"]
[EventDate "2012.09.28"]

1. e4 c5 2. Nf3 Nc6 3. d4 cxd4 4. Nxd4 g6 5. Nc3 Bg7 6. Be3 Nf6 7. Bc4 O-O 8.
Bb3 d6 9. f3 Na5 10. Qd2 Nxb3 11. axb3 Re8 12. O-O-O Qa5 13. g4 Nd7 14. Qf2 Nc5
15. h4 Qa1+ 16. Kd2 Qxb2 17. Rb1 Nxb3+ 18. Kd3 Nc5+ 19. Kd2 Nb3+ 20. Kd3 Nc5+
21. Kd2 Nb3+ 22. Kd1 Qxc3 23. Nxb3 Be6 24. Bd4 Bxd4 25. Nxd4 Bc4 26. h5 e5 27.
Ne2 Bxe2+ 28. Qxe2 g5 29. Rh2 Qd4+ 30. Kc1 1/2-1/2

[Event "Deutsche Ländermeisterschaft 2012"]
[Site "Hannover GER"]
[Date "2012.10.01"]
[Round "4"]
[White "Müller, Sophie"]
[Black "Wiesner, Paula"]
[Result "0-1"]
[Termination "normal"]
[Board "4.7"]
[WhiteTitle "12w"]
[BlackTitle "14w"]
[WhiteElo "1435"]
[BlackElo "1810"]
[WhiteTeam "Saarland"]
[BlackTeam "Baden"]
[PlyCount "110"]
[WhiteFideId "12926698"]
[BlackFideId "24654019"]
[EventCountry "GER"]
[EventRounds "7"]
[EventType "team-swiss"]
[EventDate "2012.09.28"]

1. c4 c5 2. g3 Nf6 3. Bg2 Nc6 4. Nf3 d5 5. O-O e5 6. d3 Be7 7. Nc3 d4 8. Nb5 a6
9. Na3 O-O 10. Nc2 Bf5 11. a3 Qc7 12. Rb1 Rad8 13. b4 e4 14. Nh4 Bg4 15. Qe1
exd3 16. exd3 Rfe8 17. Qd2 Bf8 18. Nf3 Ne5 19. Nxe5 Rxe5 20. f3 Bc8 21. Bb2 b6
22. Rbe1 Rde8 23. Rxe5 Rxe5 24. Re1 Qe7 25. bxc5 bxc5 26. Rxe5 Qxe5 27. Qe1 Qb8
28. Qc1 Qb3 29. Ne1 Bf5 30. Qc2 Qxc2 31. Nxc2 Bxd3 32. Ne1 Bxc4 33. Kf2 Nd5 34.
Bf1 Bxf1 35. Kxf1 f6 36. Ke2 Kf7 37. Kd3 Ke6 38. f4 Nb6 39. Nc2 Kd5 40. Bc1 c4+
41. Kd2 d3 42. Ne3+ Kc5 43. Nd1 Na4 44. h3 Kd4 45. Nf2 c3+ 46. Kd1 Nb2+ 47. Ke1
Bxa3 48. g4 Bb4 49. h4 d2+ 50. Bxd2 cxd2+ 51. Ke2 Kc3 52. Nd1+ Nxd1 53. Kxd1 a5
54. g5 fxg5 55. hxg5 g6 0-1

[Event "Deutsche Ländermeisterschaft 2012"]
[Site "Hannover GER"]
[Date "2012.10.01"]
[Round "4"]
[White "Lohrmann, Tabea"]
[Black "Zimmer, Luca"]
[Result "1/2-1/2"]
[Termination "normal"]
[Board "4.8"]
[WhiteTitle "12w"]
[BlackTitle "12"]
[WhiteElo "1449"]
[BlackElo "1035"]
[WhiteTeam "Baden"]
[BlackTeam "Saarland"]
[PlyCount "81"]
[WhiteFideId "12911941"]
[BlackFideId "12921424"]
[EventCountry "GER"]
[EventRounds "7"]
[EventType "team-swiss"]
[EventDate "2012.09.28"]

1. e4 e6 2. d4 d5 3. exd5 exd5 4. c4 Nc6 5. Nc3 Be6 6. Nf3 Qd7 7. cxd5 Bxd5 8.
Bb5 O-O-O 9. O-O a6 10. Bxc6 Qxc6 11. Nxd5 Rxd5 12. Ne5 Qe6 13. Re1 Bb4 14. Re3
Nf6 15. Ng6 Qd6 16. Ne7+ Kb8 17. Nxd5 Nxd5 18. Re2 Qg6 19. Bd2 Bd6 20. Rc1 Bf4
21. Rc5 Bxd2 22. Qxd2 Nf6 23. Qf4 Rc8 24. Re1 Nd7 25. Rc3 Nb6 26. Rec1 Nd5 27.
Qg3 Nxc3 28. Qxc3 Qb6 29. Rd1 Rd8 30. h3 c6 31. Qg3+ Ka7 32. Qxg7 Qxb2 33. Qxf7
Rxd4 34. Rxd4 Qxd4 35. Qxh7 Qd1+ 36. Kh2 Qd6+ 37. g3 Qd2 38. Qf7 c5 39. Kg2 Qe2
40. Qc7 c4 41. Qc5+ 1/2-1/2

[Event "Deutsche Ländermeisterschaft 2012"]
[Site "Hannover GER"]
[Date "2012.10.01"]
[Round "4"]
[White "Mundorf, Johannes"]
[Black "Mertens, Fridolin"]
[Result "1-0"]
[Termination "normal"]
[Board "5.1"]
[WhiteTitle "18"]
[BlackTitle "18"]
[WhiteElo "2161"]
[BlackElo "2040"]
[WhiteTeam "Nordrhein-Westfalen"]
[BlackTeam "Sachsen-Anhalt"]
[PlyCount "127"]
[WhiteFideId "24672491"]
[BlackFideId "24671940"]
[EventCountry "GER"]
[EventRounds "7"]
[EventType "team-swiss"]
[EventDate "2012.09.28"]

1. Nf3 d5 2. g3 Nf6 3. Bg2 c6 4. c4 g6 5. b3 Bg7 6. Bb2 O-O 7. O-O Bg4 8. d3
Bxf3 9. Bxf3 Nbd7 10. cxd5 cxd5 11. Nc3 Nc5 12. Rc1 Rc8 13. b4 Na6 14. Qb3 e6
15. Na4 Qd6 16. b5 Nc7 17. Ba3 Qd7 18. b6 Nb5 19. Bxf8 Rxc1 20. Rxc1 Bxf8 21.
bxa7 Nxa7 22. Nc5 Bxc5 23. Rxc5 Nc6 24. e3 Ne8 25. Qc3 Nd6 26. Bd1 Nf5 27. Qb2
Qe7 28. Rb5 Nd6 29. Rb6 Qc7 30. Rb3 e5 31. Ra3 Kg7 32. Bf3 d4 33. Bxc6 Qxc6 34.
Ra5 b5 35. exd4 Qb6 36. dxe5 Qxa5 37. exd6+ f6 38. d7 Kf7 39. Qe2 Qd8 40. Qe8+
Qxe8 41. dxe8=Q+ Kxe8 42. Kf1 Kd7 43. Ke2 Kd6 44. Kd2 f5 45. Kc3 g5 46. Kb4 Kc6
47. a4 bxa4 48. Kxa4 Kd5 49. Kb3 Kd4 50. Kc2 h5 51. Kd2 Kd5 52. Ke3 Ke5 53. f4+
gxf4+ 54. gxf4+ Kd5 55. Kf3 Kd4 56. Ke2 Kc5 57. Kd1 Kd5 58. Kc2 Kc5 59. Kc3 Kd5
60. h4 Kc5 61. d4+ Kb5 62. Kb3 Kc6 63. Kc4 Kd6 64. d5 1-0

[Event "Deutsche Ländermeisterschaft 2012"]
[Site "Hannover GER"]
[Date "2012.10.01"]
[Round "4"]
[White "Mertens, Pauline"]
[Black "Florstedt, Johannes"]
[Result "0-1"]
[Termination "normal"]
[Board "5.2"]
[WhiteTitle "20w"]
[BlackTitle "16"]
[WhiteElo "2036"]
[BlackElo "2056"]
[WhiteTeam "Sachsen-Anhalt"]
[BlackTeam "Nordrhein-Westfalen"]
[PlyCount "120"]
[WhiteFideId "24671959"]
[BlackFideId "12922293"]
[EventCountry "GER"]
[EventRounds "7"]
[EventType "team-swiss"]
[EventDate "2012.09.28"]

1. e4 e6 2. d4 d5 3. Nc3 Bb4 4. e5 Ne7 5. Qg4 c5 6. a3 Qa5 7. Bd2 cxd4 8. Qxd4
Nbc6 9. Bb5 O-O 10. Bxc6 Nxc6 11. Qf4 d4 12. Ne4 Bxd2+ 13. Nxd2 Qxe5+ 14. Qxe5
Nxe5 15. Nb3 d3 16. O-O-O dxc2 17. Kxc2 Bd7 18. Nd4 Ng4 19. Nh3 e5 20. Ne2 Bf5+
21. Kd2 Rfd8+ 22. Ke1 Rxd1+ 23. Kxd1 Rd8+ 24. Kc1 h6 25. Nc3 f6 26. f3 Ne3 27.
g4 Bg6 28. Nf2 Ng2 29. Rf1 Nf4 30. h4 Nd3+ 31. Nxd3 Rxd3 32. Rf2 Rd4 33. Ne2
Rc4+ 34. Nc3 Be8 35. Kd2 Kf7 36. Ke3 Ke6 37. Rd2 Bc6 38. Ne4 Bd5 39. Nc3 Rd4
40. Ne4 Rxd2 41. Nxd2 f5 42. gxf5+ Kxf5 43. Nf1 g5 44. Ng3+ Kf6 45. hxg5+ Kxg5
46. Ne2 h5 47. Kf2 Bc6 48. Ng1 e4 49. fxe4 Bxe4 50. Kg3 h4+ 51. Kh2 Kf4 52.
Ne2+ Kg4 53. Nd4 h3 54. Nb3 Bg2 55. Nd4 Kf4 56. Nb5 a5 57. Nd6 a4 58. Nb5 Ke3
59. Nc3 Bc6 60. Kxh3 Kd3 0-1

[Event "Deutsche Ländermeisterschaft 2012"]
[Site "Hannover GER"]
[Date "2012.10.01"]
[Round "4"]
[White "Schröder, Kevin"]
[Black "Zimmermann, Christian"]
[Result "0-1"]
[Termination "normal"]
[Board "5.3"]
[WhiteTitle "12"]
[BlackTitle "16"]
[WhiteElo "2009"]
[BlackElo "1930"]
[WhiteTeam "Nordrhein-Westfalen"]
[BlackTeam "Sachsen-Anhalt"]
[PlyCount "54"]
[WhiteFideId "12929840"]
[BlackFideId "24692069"]
[EventCountry "GER"]
[EventRounds "7"]
[EventType "team-swiss"]
[EventDate "2012.09.28"]

1. e4 c5 2. Nf3 d6 3. d4 cxd4 4. Nxd4 Nf6 5. f3 g6 6. c4 Bg7 7. Nc3 O-O 8. Be3
Nc6 9. Qd2 Bd7 10. O-O-O Rc8 11. g4 Ne5 12. b3 b5 13. g5 Nh5 14. f4 Ng4 15. Bg1
bxc4 16. Bxc4 e5 17. Ndb5 Bxb5 18. Nxb5 exf4 19. Nxd6 Rc6 20. Qb4 Qxg5 21. Rd5
Qh4 22. Bc5 Ne3 23. Qb7 Qf2 24. Bxe3 Qxe3+ 25. Kb1 Rb6 26. Qe7 Bf6 27. Qc7 Rxd6
0-1

[Event "Deutsche Ländermeisterschaft 2012"]
[Site "Hannover GER"]
[Date "2012.10.01"]
[Round "4"]
[White "Kitze, Alexander"]
[Black "Kuckling, Hannah"]
[Result "1-0"]
[Termination "normal"]
[Board "5.4"]
[WhiteTitle "12"]
[BlackTitle "16w"]
[WhiteElo "1853"]
[BlackElo "1845"]
[WhiteTeam "Sachsen-Anhalt"]
[BlackTeam "Nordrhein-Westfalen"]
[PlyCount "69"]
[WhiteFideId "12914827"]
[BlackFideId "24603660"]
[EventCountry "GER"]
[EventRounds "7"]
[EventType "team-swiss"]
[EventDate "2012.09.28"]

1. e4 c5 2. Nf3 e6 3. d4 cxd4 4. Nxd4 Nc6 5. Nc3 Qc7 6. Be3 a6 7. Bd3 b5 8.
Nxc6 Qxc6 9. O-O Bb7 10. Kh1 Nf6 11. f3 d6 12. Qd2 Be7 13. a4 b4 14. Na2 d5 15.
e5 Nd7 16. Nxb4 Qc7 17. f4 O-O 18. c3 Nc5 19. Bxc5 Bxc5 20. Nc2 a5 21. b4 Be7
22. Nd4 Ba6 23. b5 Bb7 24. Rf3 Rac8 25. Bc2 Bc5 26. Rh3 g6 27. Re1 Rfd8 28. Bb1
Rd7 29. f5 Bxd4 30. cxd4 exf5 31. Bxf5 gxf5 32. Qg5+ Kh8 33. Qf6+ Kg8 34. Rg3+
Kf8 35. e6 1-0

[Event "Deutsche Ländermeisterschaft 2012"]
[Site "Hannover GER"]
[Date "2012.10.01"]
[Round "4"]
[White "Sabirov, Ramil"]
[Black "Pallas, Sebastian"]
[Result "1-0"]
[Termination "normal"]
[Board "5.5"]
[WhiteTitle "14"]
[BlackTitle "12"]
[WhiteElo "1841"]
[BlackElo "1824"]
[WhiteTeam "Nordrhein-Westfalen"]
[BlackTeam "Sachsen-Anhalt"]
[PlyCount "79"]
[WhiteFideId "12900303"]
[BlackFideId "12905453"]
[EventCountry "GER"]
[EventRounds "7"]
[EventType "team-swiss"]
[EventDate "2012.09.28"]

1. d4 Nf6 2. c4 g6 3. Nc3 d5 4. cxd5 Nxd5 5. e4 Nxc3 6. bxc3 Bg7 7. Bc4 c5 8.
Ne2 O-O 9. O-O Nc6 10. Be3 Qc7 11. Rc1 Rd8 12. Bf4 Qa5 13. Qb3 Rf8 14. Rfd1 e5
15. Be3 exd4 16. cxd4 Qc7 17. Qc2 cxd4 18. Nxd4 Ne5 19. Bd5 Qxc2 20. Rxc2 Bd7
21. Rc7 Ba4 22. Nb3 Bc6 23. Bxc6 bxc6 24. Bxa7 Rfd8 25. Rxd8+ Rxd8 26. g3 h5
27. Nd4 Rxd4 28. Rc8+ Bf8 29. Bxd4 Nf3+ 30. Kg2 Nxd4 31. a4 c5 32. a5 Nb5 33.
a6 c4 34. Rxc4 Kg7 35. Rc6 Be7 36. e5 Kf8 37. Rc8+ Kg7 38. Rb8 Na7 39. Rb7 Bc5
40. e6 1-0

[Event "Deutsche Ländermeisterschaft 2012"]
[Site "Hannover GER"]
[Date "2012.10.01"]
[Round "4"]
[White "Heinemann, Josefine"]
[Black "Flüchter, Gregor"]
[Result "0-1"]
[Termination "normal"]
[Board "5.6"]
[WhiteTitle "14w"]
[BlackTitle "14"]
[WhiteElo "1871"]
[BlackElo "1951"]
[WhiteTeam "Sachsen-Anhalt"]
[BlackTeam "Nordrhein-Westfalen"]
[PlyCount "98"]
[WhiteFideId "12900460"]
[BlackFideId "12903396"]
[EventCountry "GER"]
[EventRounds "7"]
[EventType "team-swiss"]
[EventDate "2012.09.28"]

1. e4 c5 2. Nf3 d6 3. d4 cxd4 4. Nxd4 Nf6 5. Nc3 a6 6. Be3 e5 7. Nb3 Be6 8. f3
Be7 9. Qd2 O-O 10. O-O-O Nbd7 11. g4 b5 12. Rg1 b4 13. Nd5 Bxd5 14. exd5 Nb6
15. Na5 Nfxd5 16. Nc6 Qc7 17. Nxe7+ Qxe7 18. Bxb6 Nxb6 19. Qxd6 Qxd6 20. Rxd6
Rfb8 21. Be2 a5 22. Rgd1 Kf8 23. Rc6 Ke7 24. Rc7+ Ke6 25. Rc6+ Ke7 26. Bf1 Ra7
27. Rdd6 Nd7 28. Rd5 f6 29. g5 Rf8 30. Bh3 fxg5 31. Bxd7 Rxd7 32. Rxe5+ Kd8 33.
Rxg5 Rxf3 34. Rg1 Rf2 35. Rc5 Rxh2 36. Rxa5 Ke8 37. Ra8+ Kf7 38. Rf1+ Kg6 39.
Ra6+ Kh5 40. Rc6 g5 41. a4 bxa3 42. bxa3 g4 43. Rg1 Rg7 44. a4 g3 45. a5 g2 46.
Rd6 Rh1 47. Rdd1 Rxg1 48. Rxg1 Kh4 49. a6 Kh3 0-1

[Event "Deutsche Ländermeisterschaft 2012"]
[Site "Hannover GER"]
[Date "2012.10.01"]
[Round "4"]
[White "Schrader, Elanor"]
[Black "Stein, Robert"]
[Result "1/2-1/2"]
[Termination "normal"]
[Board "5.7"]
[WhiteTitle "18w"]
[BlackTitle "12"]
[WhiteElo "1769"]
[BlackElo "1644"]
[WhiteTeam "Nordrhein-Westfalen"]
[BlackTeam "Sachsen-Anhalt"]
[PlyCount "42"]
[WhiteFideId "12951919"]
[BlackFideId "12921084"]
[EventCountry "GER"]
[EventRounds "7"]
[EventType "team-swiss"]
[EventDate "2012.09.28"]

1. e4 e5 2. Nf3 Nc6 3. Bb5 a6 4. Ba4 Nf6 5. O-O Be7 6. Re1 b5 7. Bb3 d6 8. h3
O-O 9. c3 Na5 10. Bc2 c5 11. d4 Qc7 12. Nbd2 cxd4 13. cxd4 Nc6 14. Nf1 h6 15.
Be3 Bd7 16. Rc1 Qb7 17. Ng3 Rfc8 18. a3 a5 19. Nh4 Bf8 20. Nhf5 Bxf5 21. Nxf5
b4 1/2-1/2

[Event "Deutsche Ländermeisterschaft 2012"]
[Site "Hannover GER"]
[Date "2012.10.01"]
[Round "4"]
[White "Cejda, Cecilia"]
[Black "Möller, Lisa-Marie"]
[Result "1-0"]
[Termination "normal"]
[Board "5.8"]
[WhiteTitle "12w"]
[BlackTitle "12w"]
[WhiteElo "1495"]
[BlackElo "1347"]
[WhiteTeam "Sachsen-Anhalt"]
[BlackTeam "Nordrhein-Westfalen"]
[PlyCount "87"]
[WhiteFideId "12921122"]
[BlackFideId "12959367"]
[EventCountry "GER"]
[EventRounds "7"]
[EventType "team-swiss"]
[EventDate "2012.09.28"]

1. e4 c5 2. Nf3 a6 3. c3 d5 4. d4 dxe4 5. Ng5 cxd4 6. Nxe4 dxc3 7. Qxd8+ Kxd8
8. Nbxc3 Nc6 9. Be2 Bf5 10. Ng5 Bg6 11. O-O Nf6 12. Rd1+ Kc7 13. Bc4 e6 14.
Bf4+ Kc8 15. Na4 b5 16. Nb6+ Kb7 17. Nxa8 e5 18. Be3 Kxa8 19. Nxf7 Bxf7 20.
Bxf7 Be7 21. Be6 Kb7 22. a4 b4 23. a5 Bd8 24. g4 h6 25. h4 Re8 26. Bd7 Nxd7 27.
Rxd7+ Kc8 28. Rxg7 Kb8 29. Rg6 Nxa5 30. Rxa6 Rg8 31. f3 Nc4 32. Bxh6 Rh8 33.
Bg5 Kc7 34. Bxd8+ Rxd8 35. Rc1 Kb7 36. Ra4 Nb6 37. Rxb4 Rd3 38. Rc3 Rd1+ 39.
Kg2 Rd2+ 40. Kg3 Rd6 41. Rcb3 Kc7 42. Rxb6 Rxb6 43. Rxb6 Kxb6 44. h5 1-0